000 01099nam a22002657a 4500
005 20170124103116.0
010 _aB-207486
020 _c110.00
_a818717160
035 _aB-207486
037 _bCen Lib/Ret
040 _aDPL
_bHN
082 _a371
_bनीलए
100 _aनील, ए.एस.
_981009
245 _aसमर हिल /
_cए.एस.नील ; अनुवादक पूर्वा याज्ञिक कुशवाहा
246 _aSummer hill /
_bby A.S.Neel ; anuvadak Poorva Yagik Kushvaha
260 _aभोपाल
_bएक्लव्य
_c2004
270 _bभोपाल
_aई-7/453 एच.आई.जी. अरेरा कालोनी
_e462016
300 _axii,303पृ.
_c20सेमी(सजिल्द)
650 _aकहानी
_981010
650 _aसमरहिल का विचार
_981011
650 _astory
_912604
650 _aThe idea Summerhill
_981012
700 _aकुशवाहा, पूर्वा याज्ञिक
_981013
942 _2ddc
_cHN
_h371
_mनीलए
999 _c118589
_d118589